THINK LATER-Album (Tate McRae) - Statistics

General Stats
  • This quiz has been taken 119 times
  • The average score is 11 of 14
Answer Stats
Hint Answer % Correct
11. think later
96%
2. greedy
89%
7. exes
88%
14. plastic palm trees
87%
3. run for the hills
82%
9. calgary
80%
1. cut my hair
79%
10. messier
73%
5. grave
72%
4. hurt my feelings
72%
12. guilty conscience
69%
8. we're not alike
67%
6. stay done
64%
13. want that too
61%
No matching quizzes found
Score Distribution
Percent of People with Each Score
Percentile by Number Answered
Your Score History
You have not taken this quiz